000 00448 a2200157 4500
003 OSt
005 20240116145527.0
008 240116b |||||||| |||| 00| 0 eng d
040 _coclc
082 _a297
_bABD/T
100 _aAbdulla, P
_910267
245 _aThaqueva athava satyasakshyathinte manangal /
_cProf. P Abdulla
260 _aKerala:
_bKNM,
_c2010.
300 _a317p
942 _2ddc
_cBK
_h297
_iABD/T
_k297
_mABD/T
999 _c43210
_d43210